| 000 | 00488nam a22001457a 4500 | ||
|---|---|---|---|
| 020 | _a9788131716755 | ||
| 040 | _cNUST | ||
| 082 | _a004.21 MAZ | ||
| 100 |
_aMazidi, Muhammad Ali _918480 |
||
| 110 |
_aMcKinlay, Rolin D Causey, Danny _991716 |
||
| 245 |
_aPIC Microcontroller and Embedded Systems: _bUsing Assembly and C for PIC18 |
||
| 260 |
_aIndia: _bPearson, _c2013. |
||
| 650 |
_aPIC Microcontroller and Embedded Systems Using Assembly and C for PIC18 _9112011 |
||
| 942 |
_2ddc _cBK |
||
| 999 |
_c594586 _d594586 |
||